<?xml version="1.0" encoding="UTF-8"?>
<record
    xmlns:xsi="http://www.w3.org/2001/XMLSchema-instance"
    xsi:schemaLocation="http://www.loc.gov/MARC21/slim http://www.loc.gov/standards/marcxml/schema/MARC21slim.xsd"
    xmlns="http://www.loc.gov/MARC21/slim">

  <leader>02906nam a2200313 a 4500</leader>
  <controlfield tag="001">BRCA_2812</controlfield>
  <controlfield tag="005">20190320204000.0</controlfield>
  <controlfield tag="008">081208s1905----sp-a---###---#000-0#spa-u</controlfield>
  <datafield tag="041" ind1=" " ind2=" ">
    <subfield code="a">spa</subfield>
  </datafield>
  <datafield tag="044" ind1=" " ind2=" ">
    <subfield code="a">sp</subfield>
  </datafield>
  <datafield tag="084" ind1=" " ind2=" ">
    <subfield code="a">258</subfield>
    <subfield code="b">.C33</subfield>
    <subfield code="c">1905</subfield>
  </datafield>
  <datafield tag="100" ind1="1" ind2=" ">
    <subfield code="a">Cervantes Saavedra, Miguel de</subfield>
    <subfield code="d">1547-1616</subfield>
    <subfield code="9">213</subfield>
  </datafield>
  <datafield tag="245" ind1="1" ind2="0">
    <subfield code="a">Quijote del Centenario</subfield>
    <subfield code="b">El Ingenioso Hidalgo Don Quijote de la Mancha</subfield>
    <subfield code="c">compuesto por Miguel de Cervantes Saavedra.</subfield>
  </datafield>
  <datafield tag="260" ind1=" " ind2=" ">
    <subfield code="a">Madrid</subfield>
    <subfield code="b">R. L. Cabrera</subfield>
    <subfield code="c">1905</subfield>
  </datafield>
  <datafield tag="300" ind1=" " ind2=" ">
    <subfield code="a">8 v.</subfield>
    <subfield code="b">il.</subfield>
    <subfield code="c">33 cm.</subfield>
  </datafield>
  <datafield tag="500" ind1=" " ind2=" ">
    <subfield code="a">Conenido : v 1. Primera parte. Retrato de Jos&#xE9; Jim&#xE9;nez Aranda. Juicio critico de J. R. M&#xE9;lida. Dedicatoria del autor. Pr&#xF3;logo del autor. Versos preliminares. Texto. -- v 2. L&#xE1;minas. -- v 3. Texto. -- v 4. L&#xE1;minas. -- v 5. Segunda parte. Dedicatoria del autor. Pr&#xF3;logo del autor. Texto. -- v 6. L&#xE1;minas. -- v 7. Texto. -- v 8. L&#xE1;minas</subfield>
  </datafield>
  <datafield tag="500" ind1=" " ind2=" ">
    <subfield code="a">Edici&#xF3;n : 689 l&#xE1;minas de J. Jim&#xE9;nez Aranda y III de Alp&#xE9;riz, Bilbao, Garc&#xED;a Ramos, Jim&#xE9;nez, L. Cabrera, Moreno Carbonero, Sorolla, Sala y Villegas, con un juicio cr&#xED;tico de la obra de D. Jos&#xE9; R M&#xE9;lida</subfield>
  </datafield>
  <datafield tag="500" ind1=" " ind2=" ">
    <subfield code="a">Producto de la labor de una parte de la vida de J. Jim&#xE9;nez Aranda, original y notabil&#xED;simo dibujante. Su prop&#xF3;sito fue hacer una &#xED;ntegra representaci&#xF3;n gr&#xE1;fica de la novela, frase por frase, siguiendo el hilo de sus episodios. En efecto, constituyen su labor art&#xED;stica en esta edici&#xF3;n 137 dibujos y 552 bocetos, en los cuales escena por escena va representado el contenido de los cap&#xED;tulos de la novela, poniendo al pie de cada l&#xE1;mina las primeras palabras del pasaje a que hace referencia, en espa&#xF1;ol, franc&#xE9;s, alem&#xE1;n e ingl&#xE9;s. La muerte impidi&#xF3; al artista ver terminada su obra, tal y como la hab&#xED;a concebido. Concluyeron la ardua tarea, pero representando tan s&#xF3;lo los pasajes m&#xE1;s salientes de los dem&#xE1;s cap&#xED;tulos, su hermano Luis, Alp&#xE9;riz y otros, cuyos nombres figuran en el t&#xED;tulo de esta publicaci&#xF3;n. De esta suntuosa y magn&#xED;fica edici&#xF3;n, impresa con claros y hermosos tipos y grandes m&#xE1;rgenes sobre papel superior, puede decirse que, desde el punto de vista art&#xED;stico, constituye el m&#xE1;s valioso intento de expresi&#xF3;n gr&#xE1;fica del Quijote, y una de las ediciones castellanas de la novela en que los artistas espa&#xF1;oles han sabido interpretar bien m&#xE1;s notables escenas y lugares. Tela roja; lomeras y tapas decoradas con adornos dorados L&#xFA;dovik Osterc</subfield>
  </datafield>
  <datafield tag="500" ind1=" " ind2=" ">
    <subfield code="a">Estado f&#xED;sico : Los volumenes 7 y 8 presentan el lomo ligeramente desprendido</subfield>
  </datafield>
  <datafield tag="500" ind1=" " ind2=" ">
    <subfield code="a">Con ex-libris de : Luis Bard&#xF3;n</subfield>
  </datafield>
  <datafield tag="500" ind1=" " ind2=" ">
    <subfield code="a">QM230</subfield>
  </datafield>
  <datafield tag="650" ind1="1" ind2="4">
    <subfield code="a">Novela espa&#xF1;ola</subfield>
    <subfield code="y">&#xC9;poca cl&#xE1;sica, 1500-1700</subfield>
    <subfield code="9">215</subfield>
  </datafield>
  <datafield tag="650" ind1="1" ind2="4">
    <subfield code="a">Literatura espa&#xF1;ola</subfield>
    <subfield code="y">&#xC9;poca cl&#xE1;sica, 1500-1700</subfield>
    <subfield code="9">216</subfield>
  </datafield>
  <datafield tag="650" ind1="1" ind2="4">
    <subfield code="a">Novela espa&#xF1;ola</subfield>
    <subfield code="y">Siglo XVII</subfield>
    <subfield code="9">217</subfield>
  </datafield>
  <datafield tag="650" ind1="1" ind2="4">
    <subfield code="a">Don Quijote (Personaje ficticio)</subfield>
    <subfield code="e">Novela</subfield>
    <subfield code="9">218</subfield>
  </datafield>
  <datafield tag="740" ind1="0" ind2=" ">
    <subfield code="a">El Ingenioso Hidalgo Don Quijote de la Mancha</subfield>
  </datafield>
  <datafield tag="902" ind1=" " ind2=" ">
    <subfield code="a">QFM</subfield>
  </datafield>
  <datafield tag="942" ind1=" " ind2=" ">
    <subfield code="2">lcc</subfield>
    <subfield code="c">B</subfield>
  </datafield>
  <datafield tag="999" ind1=" " ind2=" ">
    <subfield code="c">2552</subfield>
    <subfield code="d">2552</subfield>
  </datafield>
  <datafield tag="952" ind1=" " ind2=" ">
    <subfield code="0">0</subfield>
    <subfield code="1">0</subfield>
    <subfield code="4">0</subfield>
    <subfield code="7">0</subfield>
    <subfield code="a">BRCA</subfield>
    <subfield code="b">BRCA</subfield>
    <subfield code="d">2008-12-08</subfield>
    <subfield code="i">QM230</subfield>
    <subfield code="l">0</subfield>
    <subfield code="o">258 .C33 1905 (QM230)</subfield>
    <subfield code="p">2809</subfield>
    <subfield code="r">2019-03-22 00:00:00</subfield>
    <subfield code="w">2019-03-22</subfield>
    <subfield code="y">B</subfield>
  </datafield>
</record>
